A szegedi kereskedelem
Elmentve itt :
| Dokumentumtípus: | Cikk |
|---|---|
| Megjelent: |
1911-01-22
|
| Sorozat: | Délmagyarország
2 No. 18 |
| Kulcsszavak: | Kereskedelem Szeged 1911 |
| Online Access: | http://dmarchiv.bibl.u-szeged.hu/41990 |
| LEADER | 00401nab a2200145 i 4500 | ||
|---|---|---|---|
| 001 | delm41990 | ||
| 005 | 20180927130133.0 | ||
| 008 | 180927s1911 hu o 0|| hun d | ||
| 040 | |a SZTE Délmagyarország Archívum |b hun | ||
| 041 | |a hun | ||
| 245 | 0 | 2 | |a A szegedi kereskedelem |h [elektronikus dokumentum] |
| 260 | |c 1911-01-22 | ||
| 300 | |a 19 | ||
| 490 | 0 | |a Délmagyarország |v 2 No. 18 | |
| 695 | |a Kereskedelem Szeged 1911 | ||